Dự án nâng cấp mạng lưới đường bộ: Đánh giá xã hội

में बचाया:
ग्रंथसूची विवरण
निगमित लेखक: Bộ Giao thông vận tải
स्वरूप: पुस्तक
भाषा:Undetermined
प्रकाशित: Hà Nội Ngân hàng Thế giới 2003
विषय:
टैग : टैग जोड़ें
कोई टैग नहीं, इस रिकॉर्ड को टैग करने वाले पहले व्यक्ति बनें!
Thư viện lưu trữ: Trung tâm Học liệu Trường Đại học Cần Thơ
LEADER 00716nam a2200205Ia 4500
001 CTU_62277
008 210402s9999 xx 000 0 und d
082 |a 361 
082 |b W927đbv 
110 |a Bộ Giao thông vận tải 
245 0 |a Dự án nâng cấp mạng lưới đường bộ: 
245 0 |b Đánh giá xã hội 
245 0 |c Bộ Giao thông vận tải, Cục Đường bộ Việt Nam và Ban quản lý dự án 18 
260 |a Hà Nội 
260 |b Ngân hàng Thế giới 
260 |c 2003 
650 |a developing countries 
650 |x social aspects 
904 |i Minh 
980 |a Trung tâm Học liệu Trường Đại học Cần Thơ